000 01453cam a22004217i 4500
999 _c534541
_d534541
001 19082637
003 NUST
005 20200302115740.0
008 160505t20162016maua b 001 0 eng d
010 _a 2015514034
020 _a1608079791
020 _a9781608079797
020 _a1608079805 (electronic bk.)
020 _a9781608079803 (electronic bk.)
035 _a(OCoLC)ocn919343268
038 _awaseem
040 _aYDXCP
_beng
_cYDXCP
_erda
_dBDX
_dUPM
_dMUU
_dJHE
_dOCLCF
_dCDX
_dDLC
042 _alccopycat
050 0 0 _aTK7874.78
_b.S78 2016
082 0 4 _a621.4
_bSTU
100 1 _aSturdivant, Rick,
_eauthor.
_928735
245 1 0 _aTransmit receive modules for radar and communication systems /
_cRick Sturdivant, Mike Harris.
264 1 _aBoston :
_bArtech House,
_c[2016]
264 4 _c©2016
300 _axix, 240 pages :
_billustrations ;
_c24 cm.
336 _atext
_btxt
_2rdacontent
337 _aunmediated
_bn
_2rdamedia
338 _avolume
_bnc
_2rdacarrier
490 1 _aArtech House radar series
504 _aIncludes bibliographical references and index.
650 0 _aRadio frequency integrated circuits.
_928741
650 0 _aPhased array antennas.
_928738
700 1 _aHarris, Mike,
_eauthor.
_928742
830 0 _aArtech House radar library.
_928729
906 _a7
_bcbc
_ccopycat
_d2
_encip
_f20
_gy-gencatlg
942 _2ddc
_cBK